000 00404nam a2200169Ia 4500
003 STCL
008 181203s9999 xx 000 0 und d
020 _a9780521696210
040 _aSTCL
_bEN
_cSTCL
082 _222
100 _aSchlegel, Hans G.
245 0 _aGeneral Microbiology
260 _bCambridge University Press
_aCambridge
_c2008
300 _a655
546 _aEnglish
942 _2ddc
_cBK
999 _c84200
_d84200